00476 2200157 4500001002100000008004100021035002000062245002900082100001600111260004000127300002100167020002200188082001000210650008500220990001300305INLIS000000000000315 ind  a0010-0423000315 aPHILOSOPHY FILSAFAT WHY? aYOUNGSUN JO aJAKARTAbELEXMEDIA KOMPUTINDOc2015 a175 hlm.c24 cm. a978-602-02-6691-6 a741.5 aCARTOONS, CARICATURES, COMICS ( CARTOON FICTION, GRAPHIC NOVEL(VISUAL NOVELS ) ) a102713-1